Theranjedutha kathukal / (Record no. 4556)
[ view plain ]
| 000 -LEADER | |
|---|---|
| fixed length control field | 00426cam a2200169ua 4500 |
| 041 ## - LANGUAGE CODE | |
| Language code of text/sound track or separate title | mal |
| 082 ## - DEWEY DECIMAL CLASSIFICATION NUMBER | |
| Classification number | 320.58G |
| Item number | GAN/TH |
| 100 ## - MAIN ENTRY--AUTHOR NAME | |
| Personal name | Mahatma Gandhi, . |
| 245 ## - TITLE STATEMENT | |
| Title | Theranjedutha kathukal / |
| 260 ## - PUBLICATION, DISTRIBUTION, ETC. (IMPRINT) | |
| Place of publication | Thiruvananthapuram : |
| Name of publisher | Gandhi Smaraka Nidhi , |
| Year of publication | 1962. |
| 300 ## - PHYSICAL DESCRIPTION | |
| Number of Pages | 545 ; . |
| 942 ## - ADDED ENTRY ELEMENTS (KOHA) | |
| Koha item type | Books |
| Withdrawn status | Lost status | Damaged status | Home library | Current library | Date acquired | Full call number | Accession Number | Koha item type | Public note |
|---|---|---|---|---|---|---|---|---|---|
| Withdrawn | KAUAET | KAUAET | 07/04/2012 | 320.58G | 18 | Books | Deleted |
